Physical geology : the structure and processes of the earth /

Bibliographic Details
Other Authors: Burchfiel, B. C., 1934-
Format: Book
Language:English
Published: Columbus : Merrill Pub. Co., [1982]
Subjects:

MARC

Tag First Indicator Second Indicator Subfields
LEADER 00000cam a2200000 a 4500
001 in00000020368
005 20151007053908.0
008 820601s1982 gaua b 00000 eng
010 |a  81084623  
020 |a 0675099137 
035 |a (OCoLC)08420607 
035 |9 AAB3233AM 
040 |a DLC  |c DLC  |d m/c  |d TXA  |d UtOrBLW 
049 |a TXAM  |c [A11468014] 
050 0 0 |a QE28.2  |b .P49 1982 
082 0 |a 551  |2 19 
245 0 0 |a Physical geology :  |b the structure and processes of the earth /  |c B. Clark Burchfiel [and others]. 
264 1 |a Columbus :  |b Merrill Pub. Co.,  |c [1982] 
264 4 |c ©1982 
300 |a xiii, 501 pages :  |b illustrations (some color) ;  |c 29 cm. 
336 |a text  |b txt  |2 rdacontent 
337 |a unmediated  |b n  |2 rdamedia 
338 |a volume  |b nc  |2 rdacarrier 
504 |a Includes bibliographies and index. 
650 0 |a Physical geology. 
700 1 |a Burchfiel, B. C.,  |d 1934- 
999 |a MARS 
999 f f |s 62f1930a-6685-3685-ad2c-cd50b70ac854  |i 9c355ccf-d588-3172-8a31-7e85748e65ae  |t 0 
952 f f |p normal  |a Texas A&M University  |b College Station  |c Sterling C. Evans Library  |d Evans: Library Stacks  |t 0  |e QE28.2 .P49 1982  |h Library of Congress classification  |i unmediated -- volume  |m A14811468014 
998 f f |a QE28.2 .P49 1982  |t 0  |l Evans: Library Stacks